Histology and cell biology : (Record no. 99818)

MARC details
000 -LEADER
fixed length control field 01787nam a22003017a 4500
003 - CONTROL NUMBER IDENTIFIER
control field URS
005 - DATE AND TIME OF LATEST TRANSACTION
control field 20260413163840.0
008 - FIXED-LENGTH DATA ELEMENTS--GENERAL INFORMATION
fixed length control field 260413b |||||||| |||| 00| 0 eng d
020 ## - INTERNATIONAL STANDARD BOOK NUMBER
International Standard Book Number 978-0-443-28488-5
040 ## - CATALOGING SOURCE
Transcribing agency URS
Description conventions rda
Language of cataloging English
050 00 - LIBRARY OF CONGRESS CALL NUMBER
Classification number RB25
Item number .K547 2026
100 1# - MAIN ENTRY--PERSONAL NAME
Personal name Kierszenbaum, Abraham L.,
Relator term author.
245 10 - TITLE STATEMENT
Title Histology and cell biology :
Remainder of title an introduction to pathology /
Statement of responsibility, etc Abraham L. Kierszenbaum, M.D., Ph.D., Emeritus Medical (Clinical) Professor, The Sophie Davis School of Biomedical Education, The City University of New York, New York, New York, Laura L. Tres, M.D., Ph.D., Emeritus Medical (Clinical) Professor, The Sophie Davis School of Biomedical Education, The City University of New York, New York, New York.
250 ## - EDITION STATEMENT
Edition statement Sixth edition.
264 #1 - PUBLICATION, DISTRIBUTION, ETC. (IMPRINT)
Place of publication, distribution, etc Philadelphia, PA :
Name of publisher, distributor, etc Elsevier,
Date of publication, distribution, etc ©2026.
300 ## - PHYSICAL DESCRIPTION
Extent xvi, 805 pages :
Other physical details color illustrations ;
Dimensions 28 cm.
336 ## - CONTENT TYPE
Content type term text
Source rdacontent
337 ## - MEDIA TYPE
Media type term unmediated
Source rdamedia
338 ## - CARRIER TYPE
Carrier type term volume
Source rdacarrier
500 ## - GENERAL NOTE
General note Includes index.
505 0# - FORMATTED CONTENTS NOTE
Formatted contents note Epithelium -- Epithelial glands -- Cell signaling -- Connective tissue -- Osteogenesis -- Blood and hematopoiesis -- Muscle tissue -- Nervous tissue -- Sensory organs vision and hearing -- Immune-lymphatic system -- Integumentary system -- Cardiovascular system -- Respiratory system -- Urinary system -- Upper digestive system -- Lower digestive system -- Digestive glands -- Neuroendocrine system -- Endocrine system -- Spermatogenesis -- Sperm transport and maturation -- Follicle development and the menstrual cycle -- Fertilization, placentation, and lactation.
650 12 - SUBJECT ADDED ENTRY--TOPICAL TERM
Topical term or geographic name as entry element Histology.
650 12 - SUBJECT ADDED ENTRY--TOPICAL TERM
Topical term or geographic name as entry element Pathologic Processes.
650 22 - SUBJECT ADDED ENTRY--TOPICAL TERM
Topical term or geographic name as entry element Cell Biology.
650 22 - SUBJECT ADDED ENTRY--TOPICAL TERM
Topical term or geographic name as entry element Pathology.
700 1# - ADDED ENTRY--PERSONAL NAME
Personal name Tres, Laura L.,
Relator term author.
942 ## - ADDED ENTRY ELEMENTS (KOHA)
Source of classification or shelving scheme Library of Congress Classification
Koha item type Reserved Books
Holdings
Withdrawn status Lost status Source of classification or shelving scheme Damaged status Not for loan Collection code Home library Current library Shelving location Date acquired Source of acquisition Cost, normal purchase price Total Checkouts Full call number Barcode Date last seen Copy number Cost, replacement price Price effective from Koha item type
    Library of Congress Classification     Non-fiction Taytay College Library Taytay College Library Medicine Collection 04/13/2026 Purchased 7956.00   RB25 .K547 2026 URSTAY-6104 04/13/2026 1 7956.00 04/13/2026 Reserved Books

University of Rizal System
Email us at univlibservices@urs.edu.ph

Visit our Website www.urs.edu.ph/library